| 000 | 00599nam a22001937a 4500 | ||
|---|---|---|---|
| 003 | OSt | ||
| 005 | 20240625095539.0 | ||
| 008 | 240625b |||||||| |||| 00| 0 eng d | ||
| 020 | _a139780881928914 | ||
| 040 |
_aDDC _cMUST |
||
| 082 |
_a579.5 STE 2010 _b20 |
||
| 100 |
_aStephenson Steven L. _917745 |
||
| 245 |
_aThe Kingdom Fungi/ _bThe Biology of Mushrooms,Molds, and Lichens: |
||
| 260 |
_aPortland: _bTimber press, _c2010. |
||
| 300 |
_a272p.: _bill,; ( some... col ) _c23.6cm |
||
| 504 | _aIncludes Bibliographical References and Indexes. | ||
| 650 |
_aBiology _95602 |
||
| 942 |
_2ddc _cO_SHELF |
||
| 999 |
_c8780 _d8780 |
||